Методы компактирования и консолидации наноструктурных материалов и изделий: учебное пособие для вузов

Podrobná bibliografie
Hlavní autor: Хасанов О. Л. Олег Леонидович
Korporativní autor: Томский политехнический университет (ТПУ)
Další autoři: Двилис Э. С. Эдгар Сергеевич, Бикбаева З. Г. Зульфа Гадильзановна
Shrnutí:В учебнике изложены основные методы компактирования и консолидации порошковых наноматериалов и получения из них изделий. Из большого разнообразия наноструктурных материалов в основном рассматриваются объёмные наноструктурные материалы и изготовленные на их основе керамики конструкционного и функционального назначений. Подробно представлен метод и результаты практической реалиизации ультразвукового компактирования порошков, как одного из перспективных для изготовлнеия объёмных порошковых наноматериалов. В учебнике приведён анализ напряжённо-деформированного состояния и реологических свойств уплотняемого порошкового тела на основе однопараметрического уравнения прессования, которое имеет однозначную интерпретацию физического смысла входящих в него коэффициентов и позволяет определить большинство характеристик прессуемости. Учебник предназначен для студентов, инженеров направления «Материаловедение, наноматериалы и нанотехнологии».
Jazyk:ruština
Vydáno: Томск, Изд-во ТПУ, 2008
Edice:Инновационная образовательная программа
Témata:
Médium: MixedMaterials Kniha
KOHA link:https://koha.lib.tpu.ru/cgi-bin/koha/opac-detail.pl?biblionumber=292543

MARC

LEADER 00000nam0a2200000 4500
001 292543
005 20251204124620.0
010 |a 5982983780 
035 |a (RuTPU)RU\TPU\book\317179 
035 |a RU\TPU\book\253581 
090 |a 292543 
100 |a 20150423d2008 m y0rusy50 ca 
101 0 |a rus 
102 |a RU 
105 |a a j 001zy 
200 1 |a Методы компактирования и консолидации наноструктурных материалов и изделий  |e учебное пособие для вузов  |f О. Л. Хасанов, Э. С. Двилис, З. Г. Бикбаева  |g Томский политехнический университет (ТПУ) 
210 |a Томск  |c Изд-во ТПУ  |d 2008 
215 |a 196 с.  |c ил. 
225 1 |a Инновационная образовательная программа 
320 |a Библиогр.: с. 183-196. 
320 |a Список сокращений: с. 5. 
330 |a В учебнике изложены основные методы компактирования и консолидации порошковых наноматериалов и получения из них изделий. Из большого разнообразия наноструктурных материалов в основном рассматриваются объёмные наноструктурные материалы и изготовленные на их основе керамики конструкционного и функционального назначений. Подробно представлен метод и результаты практической реалиизации ультразвукового компактирования порошков, как одного из перспективных для изготовлнеия объёмных порошковых наноматериалов. В учебнике приведён анализ напряжённо-деформированного состояния и реологических свойств уплотняемого порошкового тела на основе однопараметрического уравнения прессования, которое имеет однозначную интерпретацию физического смысла входящих в него коэффициентов и позволяет определить большинство характеристик прессуемости. Учебник предназначен для студентов, инженеров направления «Материаловедение, наноматериалы и нанотехнологии». 
606 1 |a Наноматериалы  |2 stltpush  |3 (RuTPU)RU\TPU\subj\65850  |9 82201 
610 1 |a объемные наноструктурные материалы 
610 1 |a нанопорошки 
610 1 |a получение 
610 1 |a компактирование 
610 1 |a порошковые технологии 
610 1 |a характеристики 
610 1 |a прессование 
610 1 |a коллекторный способ 
610 1 |a ультразвуковые воздействия 
610 1 |a твердофазные системы 
610 1 |a порошковые системы 
610 1 |a керамические порошки 
610 1 |a ультразвуковое компактирование 
610 1 |a учебные пособия 
610 1 |a труды учёных ТПУ 
675 |a 620.22(075.8)  |v 3 
700 1 |a Хасанов  |b О. Л.  |c физик, специалист в области наноматериалов  |c профессор Томского политехнического университета, доктор технических наук  |c директор Нано-Центра ТПУ, заведующий кафедрой наноматериалов и нанотехнологий  |f 1958-  |g Олег Леонидович  |3 (RuTPU)RU\TPU\pers\26436  |9 12140 
701 1 |a Двилис  |b Э. С.  |c химик-технолог  |c старший научный сотрудник Томского политехнического университета, профессор, доктор физико-математических наук  |f 1969-  |g Эдгар Сергеевич  |3 (RuTPU)RU\TPU\pers\26838  |9 12457 
701 1 |a Бикбаева  |b З. Г.  |c химик-технолог  |c старший научный сотрудник Томского политехнического университета, кандидат физико-математических наук  |f 1938-  |g Зульфа Гадильзановна  |3 (RuTPU)RU\TPU\pers\28204 
712 0 2 |a Томский политехнический университет (ТПУ)  |c (1991-2009)  |3 (RuTPU)RU\TPU\col\376 
801 1 |a RU  |b 63413507  |c 20130214 
801 2 |a RU  |b 63413507  |c 20150430  |g RCR 
942 |c BK